00498nam a2200169Ia 450000500170000000800410001702000150005808200130007310000200008624500240010626000510013030000120018165000170019394200060021095200970021699900150031320250620023810.0240331s9999 xx 000 0 und d a9559111000 bPUNa323 aPunchihewa, S.G 0aMinis ayithivasikam aDehiwalabSarana Printing & Publicationsc1990 a72 p ., aHuman Rights cL 001040708LaWERCLbWERCLcSSCd2024-03-31l0o 323.4 PUNp3781r2024-03-31w2024-03-31yL c2497d2497